All Songs on Folklore by Taylor Swift - Statistics

General Stats
  • This quiz has been taken 39 times
  • The average score is 14 of 16
Answer Stats
Answer % Correct
betty
100%
cardigan
100%
august
94%
hoax
90%
seven
90%
the 1
90%
the last great american dynasty
90%
epiphany
87%
exile
87%
invisible string
81%
mad woman
81%
mirrorball
81%
My Tears Ricochet
77%
illicit affairs
74%
peace
74%
this is me trying
74%
No matching quizzes found
Score Distribution
Percent of People with Each Score
Percentile by Number Answered
Your Score History
You have not taken this quiz